00726cam a2200205u 450000100060000000300080000600500170001400800390003103500190007004000330008904100080012208200240013024501630015426000570031730000270037465000470040165100380044870000160048670000180050220215BD-RjUL20211209000532.0140227r19501932enk 000 0 eng a(BD-RjUL)20277 aDLCcCarPdDLCdBD-RjULbeng aeng a820.9bCAM V-4 195004aThe Cambridge history of English literature /cedited by Sir A. W. Ward and A. R. Waller.nVolume IV : pProse and Poetry Sir Thomas Nortoh to Michael Drayton aCambridge :bThe University press,c[Reprinted 1950] aviii, 434 p. ;c25 cm. 0aEnglish literaturexHistory and criticism. 0aGreat BritainxIntellectual life.1 aWard, A. W.1 aWaller, A. R.